000 00492nam a22001937a 4500
005 20230105114747.0
008 230105b ||||| |||| 00| 0 eng d
040 _cAL
041 _aeng
082 _223
_a032.02
_bMADS
100 _aV P Madhavan
_968541
245 _aSuras quiz quiz quiz
260 _aMadras
_bSura Books Pvt Ltd
_c?
300 _a131p.
_bPB
_c18x12cm.
365 _2Others
650 _aGeneral Knowledge
_968542
700 _aMADHAVAN (V P)
_968543
942 _2ddc
_cDB
999 _c226256
_d226256